000 00465nam a2200181Ia 4500
001 23209
005 20260414150922.0
008 260414t2011||||xx |||||||||||||| ||spa||
041 _aESP
082 _a625.8
_bS18
100 _aSalazar Rodríguez, Aurelio
_eAUT
245 0 _aGuía para el diseño y construcción de pavimentos rígidos
_b
260 _c2011
300 _a293 páginas :
_c28 cm.
650 _a0
654 _aCIC
942 _cLIB
_dJUS
_fJUS
_2ddc
_n
999 _c23209
_d23209